zpět

Detail výsledku týmu

Kozlovna U Ježka, Ostrava

Datum a čas kvízu

39.5 Celkem bodů Celkový počet nahraných bodů na tomto kvízu bez doplňovacích otázek.
1. Pořadí na kvízu Konečné umístění týmu na tomto kvízu.

Zaznamenané odpovědi

# Otázka Odpověď Body Výsledky
1. Jak se jmenuje světoznámá česk... Eva Jiřičná 1
2. Americký prezident Joe Biden s... panda 0
3. V pondělí proběhla v Londýně a... Tetris 0
4. Přemnožené jedince jistého zví... mývaly 1
5. Pátý, rozhodující zápas finále... Los Angeles Dodgers 1
6. Před časem jsme se vás ptali n... pomeranče 0
7. Ve které zemi má původ takovát... v Mexiku 1
8. V Norsku je jisté období v roc... A 0
9. Velmi kontroverzní událost kri... o velbloudy 1
10. I řada našich tradic může na c... Jízda králů 1